000
00316 a2200121 4500
000
nam a22 7a 4500
005
20260207100456.0
020
_a
9789362870599
100
_a
Sheoraj Singh Bechain
_9
1114317
245
_a
Zindagi Ko Dhoodhate Hue : Aatmkatha-2
260
_b
Vani Prakashan
_c
2024
942
_c
TEXL
999
_c
1678861
_d
1678861